La revolución de 1891: la modernización
Guardat en:
| Autor principal: | |
|---|---|
| Format: | Llibre |
| Idioma: | espanyol |
| Publicat: |
Valparaíso
Universitarias de Valparaíso
1971
|
| Col·lecció: | Libros de Bolsillo
|
| Matèries: | |
| Etiquetes: |
Afegir etiqueta
Sense etiquetes, Sigues el primer a etiquetar aquest registre!
|
MARC
| LEADER | 00000cam a2200000 a 4500 | ||
|---|---|---|---|
| 001 | UCZ5795 | ||
| 003 | CL-VaPUC | ||
| 008 | 951124e19710000CL |||||||||||||||||spa|d | ||
| 082 | 0 | 4 | |a 983.062 |b PIZ |2 21 |
| 100 | |a Pizarro Contador, Crisóstomo |e autor |9 605677 | ||
| 245 | 1 | 3 | |a La revolución de 1891: la modernización |
| 300 | |a 98 p | ||
| 942 | |c BK | ||
| 945 | |d 19951124 00:00:00 |a lriquelm | ||
| 260 | |a Valparaíso |b Universitarias de Valparaíso |c 1971 | ||
| 600 | 0 | |a Balmaceda Fernández, José Manuel, |d 1840-1891 |9 315369 | |
| 650 | 7 | |a HISTORIA - REVOLUCION 1891 |2 CL-VaPUC |9 349984 | |
| 650 | 0 | |a Sociedad |9 307903 | |
| 650 | 0 | |a Industrialización |9 263687 | |
| 650 | 0 | |a Clases sociales |9 256858 | |
| 650 | 7 | |a ESTRUCTURA SOCIAL |2 CL-VaPUC |9 349985 | |
| 583 | |a last modification |c 20141107 01:52:36 |k Rodrigo Vera | ||
| 490 | 0 | |a Libros de Bolsillo | |
| 999 | |c 242083 |d 242081 | ||
| 952 | |0 0 |1 0 |4 0 |6 983_062000000000000_PIZ_1971 |7 0 |8 P |9 254799 |a BIBEDU |b BIBEDU |c BIBEDU_PB |d 2019-11-19 |i 1577271 |o 983.062 PIZ 1971 |p 1577271 |r 2024-01-25 |w 2019-11-19 |y BK |k FIL | ||
| 952 | |0 0 |1 0 |4 0 |6 983_062000000000000_PIZ_1971 |7 0 |8 A |9 254800 |a BIBHIS |b BIBHIS |d 2019-11-19 |i 1208497 |o 983.062 PIZ 1971 |p 1208497 |r 2025-01-20 |w 2019-11-19 |y BK |k HIS | ||
| 952 | |0 0 |1 0 |3 erb |4 0 |6 983_062000000000000_PIZ_1971 |7 0 |8 ? |9 254801 |a FDOBUD |b FDOBUD |i 5106532 |o 983.062 PIZ 1971 |p 5106532 |r 2019-11-19 |w 2019-11-19 |y BK |z Catalogado en:20141107 |k FHP | ||